02726nam a22003377i 4500001000800000003001000008007000500018008004100023040003500064041000800099043000700107084000700114100003700121245010000158264001100258300004800269336002700317337003300344338002800377504004200405520152300447650003801970650003802008650002802046700003102074773007502105942000902180952017602189999001702365999000602382B-12615CO-BoFNCPt|| 090930s2008 my a f z eng d aCO-BoFNCPbspacCO-BoFNCPerda aeng amy aA-1 aJeyanny, V.941390,eautor.4aut10aKhaya ivorensis A. Chev :bEarly response to nutrient deficiences in forest plantation nursery. 4c©2008 apáginas 593-600 :bTablas, fotografías. atextobtxt2rdacontent asin mediaciónbn2rdamedia avolumenbnc2rdacarrier aIncluye referencias bibliográficas. aMacronutrients are essential elements for the growth and development of forest tree species. The lack of sufficient nutrients may adversely affect the growth and quality of the plants. The objective of this study was to observe and determine the initial macronutrient deficiency symptoms on the growth and vigour of Khaya ivorensis seedlings.One-month-old K. ivorensis seedlings were transplanted into 15 cm diameter and 23 cm tall plastic pots filled with acid washed sand. The treatments assigned were T1: Control (Complete Hoagland No 2 solution), T2: Hoagland No 2 solution lacking in nitrogen, T3: Hoagland No 2 solution lacking in phosphorus, T4: Hoagland No 2 solution lacking in potassium, T5: Hoagland No 2 solution lacking in calcium, and T6: Hoagland No 2 solution lacking in magnesium. Irrigation was done according to treatments with mL of the specified nutrient solution or distilled water every alternate day. On other days, 100 mL of distilled water was added. There were eight replications for each treatment. All pots were laid out in a complete randomised design (CRD). The visual deficiency symptoms and seedling growth were recorded monthly and the plant tissue nutrient contents were analysed for the initial three months after transplanting. All treatments except for control induced deficiency symptoms. Observations showed that seedling growth was reduced due to K, Ca and Mg deficiencies compared with control. The effects of N, K and Mg on the tissue content were also significantly reduced. 0aDeficiencia de nutrientes931594. 0aEstablecimiento de plantas99911. 0aPalma de aceite937678.1 aAb Ghani, Ab Rasip941391.0 aThe Planter (Malasia)gv. 84, no. 990 (2008), p.593-600wA-x0126-575x 2zc1 00102z4070a2b2d2013-10-21hThe Planter (Malasia). v. 84, no. 990 (2008), p.593-600. ST-A-, ISSN: 0126-575xl0oA-pR-12615r2013-10-21 00:00:00tEj. 1w2013-10-21y1 c26587d26587 z1